000 01415nam a22002777a 4500
005 20081029101444.0
008 081029t xxu||||| |||| 00| 0 hin d
010 _aHIN-84529
020 _a9788180313295
_c400.00
035 _aHN-56875
037 _bDBAD / PUB
040 _aDPL
_bHN
082 _a306.44
100 _aरामधारी सिंह दिनकर
245 _aसंस्कृति, भाषा और राष्ट्र /
_cरामधारी सिंह दिनकर
246 _aSanskriti,Bhaashaa aur Raashtra
_bby Ramdhari Singh Dinkar
260 _aइलाहाबाद
_bलोकभारती प्रकाशन
_c2008
270 _aपहली मंजिल, दरबारी बिल्डिंग, महात्मा गांधी मार्ग
_bइलाहाबाद
_e211001
_minfo@lokbharatiprakashan.com
300 _a291पृ
_c22सेमी (सजिल्द)
650 _aभारतीय संस्कृति
650 _aIndian culture
650 _aहिन्दी भाषा
_xइतिहास
650 _aHindi language
_xHistory
942 _2ddc
_cHN
_mरामधा
_h306.44
999 _c17274
_d17274